Capital Cities of Japanese Prefectures - Statistics

General Stats
  • This quiz has been taken 103 times
  • The average score is 39 of 47
Answer Stats
Region Prefecture Capital % Correct
Chugoku Hiroshima Hiroshima
98%
Kyushu Nagasaki Nagasaki
98%
Kanto Chiba Chiba
97%
Kansai Kyoto Kyoto
97%
Tohoku Akita Akita
95%
Tohoku Aomori Aomori
95%
Kyushu Kagoshima Kagoshima
95%
Chubu Nagano Nagano
95%
Chubu Niigata Niigata
95%
Kyushu Oita Oita
95%
Chugoku Okayama Okayama
95%
Kanto Saitama Saitama
95%
Hokkaido Hokkaido Sapporo
95%
Kyushu Fukuoka Fukuoka
93%
Tohoku Fukushima Fukushima
93%
Kyushu Kumamoto Kumamoto
93%
Kyushu Miyazaki Miyazaki
93%
Kansai Nara Nara
93%
Kansai Osaka Osaka
93%
Shikoku Tokushima Tokushima
93%
Kanto Tokyo Tokyo
93%
Chubu Gifu Gifu
92%
Shikoku Kochi Kochi
92%
Kyushu Saga Saga
90%
Chubu Shizuoka Shizuoka
90%
Chubu Aichi Nagoya
89%
Okinawa Okinawa Naha
89%
Kansai Wakayama Wakayama
89%
Chubu Fukui Fukui
87%
Chubu Toyama Toyama
87%
Chugoku Yamaguchi Yamaguchi
87%
Kanto Kanagawa Yokohama
87%
Kansai Hyogo Kobe
85%
Chugoku Tottori Tottori
85%
Tohoku Yamagata Yamagata
85%
Tohoku Miyagi Sendai
84%
Shikoku Ehime Matsuyama
69%
Chubu Ishikawa Kanazawa
62%
Kanto Tochigi Utsunomiya
61%
Tohoku Iwate Morioka
59%
Kansai Mie Tsu
59%
Shikoku Kagawa Takamatsu
56%
Chugoku Shimane Matsue
54%
Kansai Shiga Otsu
54%
Kanto Gunma Maebashi
49%
Kanto Ibaraki Mito
49%
Chubu Yamanashi Kofu
44%
No matching quizzes found
Score Distribution
Percent of People with Each Score
Percentile by Number Answered
Your Score History
You have not taken this quiz